| 000 | 00496nam a2200193Ia 4500 | ||
|---|---|---|---|
| 008 | 180207s9999 xx 000 0 und d | ||
| 020 | _a9780545157681 | ||
| 050 | _bE233 2008 | ||
| 100 | _aEdgemon, Darcie | ||
| 245 | _aSeamore : | ||
| 245 | _bthe very forgetful porpoise / | ||
| 245 | _cDarcie Edgemon ; illustrated by Jotto Seibold. | ||
| 260 | _aNew York : | ||
| 260 | _bScholastic, | ||
| 260 | _c2008 | ||
| 300 | _aunpaged : | ||
| 300 | _bcolor illustration ; | ||
| 300 | _c26cm. | ||
| 999 |
_c355367 _d355367 |
||